AMR Chowdhury publications. Volume VI : 2009-2014.

Bibliografiske detaljer
Institution som forfatter: BRAC. Research and Evaluation Division
Format: Bog
Sprog:English
Fag:
Classic Catalogue: View this record in Classic Catalogue
LEADER 01374nam a22003017a 4500
001 42979
003 BD-DhAAL
005 20240903151637.0
008 240902t2014 bg a|||| b||| 00| 0 eng d
040 |a BD-DhAAL  |d BD-DhAAL 
082 |a 362.1095492  |2 23 
245 |a AMR Chowdhury publications.  |n Volume VI : 2009-2014. 
264 |a Dhaka :  |b Research and Evaluation Division, BRAC,  |c 2014. 
300 |a 166 pages :  |b illustrations ;  |c 30 cm. 
362 |a Vol. 6 
504 |a Includes bibliographical references. 
541 |a Complementary copy from BRAC  |e 42979, 42978 
610 |a BRAC. 
650 |a Public health  |z Bangladesh. 
650 |a Health education  |z Bangladesh. 
650 |a Rural Development  |z Rural Development  |9 56704 
650 |a Rural health  |z Bangladesh. 
710 |a BRAC.  |b Research and Evaluation Division. 
852 |a Ayesha Abed Library  |c BRAC Resource Section 
942 |2 ddc  |c BK 
999 |c 46925  |d 46925 
952 |0 0  |1 0  |2 ddc  |4 0  |6 362_109549200000000_RES  |7 1  |8 RPT  |9 76091  |a BRACUL  |b BRACUL  |c BRS  |d 2024-09-02  |e Complementary copy from BRAC  |l 0  |o 362.1095492 RES  |p 3010042979  |r 2024-09-02  |t 1  |w 2024-09-02  |y BK  |x Complementary copy from BRAC 
952 |0 0  |1 0  |2 ddc  |4 0  |6 362_109549200000000_RES  |7 1  |8 RPT  |9 76092  |a BRACUL  |b BRACUL  |c BRS  |d 2024-09-02  |e Complementary copy from BRAC  |l 0  |o 362.1095492 RES  |p 3010042978  |r 2024-09-02  |t 2  |w 2024-09-02  |y BK  |x Complementary copy from BRAC